[Event "CZE-chT1W 1112"]
[Site "Czech Republic"]
[Date "2012.02.26"]
[Round "9.5"]
[White "Mkhitaryan, Karlen"]
[Black "Rut, Vojtech"]
[Result "1-0"]
[WhiteElo "2154"]
[BlackElo "1998"]
[PlyCount "48"]
[EventDate "2011.10.02"]
[EventType "team-tourn"]
[EventRounds "11"]
[EventCountry "CZE"]
[SourceTitle "EXT 2013"]
[Source "ChessBase"]
[SourceDate "2012.11.22"]
[SourceVersion "1"]
[SourceVersionDate "2012.11.22"]
[SourceQuality "1"]
[WhiteTeam "Jicin"]
[BlackTeam "Vysehrad"]
[WhiteTeamCountry "CZE"]
[BlackTeamCountry "CZE"]

1. Nf3 Nf6 2. c4 c5 3. Nc3 Nc6 4. g3 g6 5. Bg2 Bg7 6. 0-0 0-0 7. d4 cxd4 8. Nxd4 d6 9. Nxc6 bxc6 10. Bxc6 Rb8 11. Bg2 Qa5 12. Nb5 Ng4 13. Bd2 Qb6 14. Bc3 Bd7 15. Bxg7 Kxg7 16. b3 Bxb5 17. cxb5 Qxb5 18. Qd4+ Nf6 19. Qxa7 Qxe2 20. Rae1 Qb2 21. Rxe7 Rfd8 22. Qa6 d5 23. Qe2 Qa3 24. Rc7 Rbc8 1-0

[Event "CZE-chT rap"]
[Site "Pardubice"]
[Date "2010.07.16"]
[Round "3.4"]
[White "Mkhitaryan, Karlen"]
[Black "Iskusnyh, Sergei"]
[Result "0-1"]
[WhiteElo "2176"]
[BlackElo "2480"]
[PlyCount "110"]
[EventDate "2010.07.15"]
[EventType "team-swiss"]
[EventRounds "7"]
[EventCountry "CZE"]
[SourceTitle "CBM 137 Extra"]
[Source "ChessBase"]
[SourceDate "2010.09.01"]
[SourceVersion "1"]
[SourceVersionDate "2010.09.01"]
[SourceQuality "1"]

1. d4 d5 2. Nf3 Nf6 3. c4 c6 4. e3 a6 5. Qc2 Bg4 6. Nbd2 e6 7. Bd3 Nbd7 8. b3 Bd6 9. Bb2 Bh5 10. 0-0 Qb8 11. Rfe1 0-0 12. h3 Re8 13. g4 Bg6 14. e4 dxe4 15. Nxe4 Nxe4 16. Bxe4 Nf8 17. Ne5 Bxe5 18. dxe5 Qc7 19. Rad1 Rad8 20. Qe2 Rxd1 21. Rxd1 Rd8 22. Bg2 Rd7 23. Bc3 Qd8 24. Rd2 Rxd2 25. Bxd2 Qd4 26. Bb4 Bd3 27. Qe1 c5 28. Bc3 Qd7 29. Qd2 b6 30. a3 a5 31. Bf1 Be4 32. Be2 Qe7 33. f3 Bc6 34. b4 axb4 35. axb4 h5 36. bxc5 bxc5 37. g5 Ng6 38. Kf2 Nh4 39. Ba5 Qb7 40. Qd8+ Kh7 41. Qc7 Bxf3 42. Qxb7 Bxb7 43. Bxh5 Ng6 44. Bc7 Nf4 45. Bg4 Nd3+ 46. Ke3 Nb2 47. Be2 Ba6 48. Kf4 Bxc4 49. Bxc4 Nxc4 50. Bd6 Nb2 51. Ke3 Kg6 52. Bf8 Kf5 53. Bxg7 Nc4+ 54. Kf3 Nxe5+ 55. Kg3 c4 0-1